Carregant...

Industrial relations and labour laws /

Dades bibliogràfiques
Autor principal: Singh, B. D.
Format: Printed Book
Idioma:English
Publicat: New Delhi: Excel Books, 2008.
Matèries:
LEADER 00906 a2200193 4500
008 150213b xxu||||| |||| 00| 0 eng d
020 |a 9788174466204 
082 |a 331 
100 |a Singh, B. D. 
245 |a Industrial relations and labour laws /  |c B. D. Singh. 
260 |c 2008.  |b Excel Books,  |a New Delhi: 
300 |a 558p. ;  |c 24 cm. 
650 |a Industrial relations  |z India 
650 |a Labor laws and legislation  |z India 
942 |2 ddc  |c BK 
999 |c 102476  |d 102476 
952 |0 0  |1 0  |4 0  |6 344_105400000000000_SIN_I  |7 0  |9 103104  |a UL  |b UL  |c REF  |d 2013-10-18  |e 2  |g 273.80  |l 0  |o 344.1054 SIN/I  |p 90845  |r 2014-01-27  |v 370.00  |y TXT 
952 |0 0  |1 0  |4 0  |6 658_500000000000000_SIM_O  |7 0  |9 103122  |a UL  |b UL  |c REF  |d 2013-10-18  |e 2  |g 3567.30  |l 0  |o 658.5 SIM/O  |p 90844  |r 2014-01-28  |v 5246.04  |y REF 
952 |0 0  |1 0  |4 0  |6 331_095400000000000_SIN_I  |7 0  |9 175238  |a CMS  |b CMS  |c ST1  |d 2016-11-01  |i 10220  |l 0  |o 331.0954 SIN/I  |p CMS10220  |r 2016-11-01  |w 2016-11-01  |y BK